| 000 | 00369nam a22001217a 4500 | ||
|---|---|---|---|
| 040 | _cNUST | ||
| 082 |
_221st. _a355.009 _bOXF |
||
| 100 |
_aTownshend, Charles _974517 |
||
| 245 |
_aThe oxford history of modern war/ _c Charles Townshend |
||
| 300 |
_a407p. : _c23cm. |
||
| 440 |
_aThe oxford history of modern war/ _9129350 |
||
| 942 |
_2ddc _cBK _h355.009 |
||
| 999 |
_c614041 _d614041 |
||